MARC details
| 000 -LEADER |
| campo de control de longitud fija |
02479nam a22002535i 4500 |
| 001 - NÚMERO DE CONTROL |
| campo de control |
156476 |
| 003 - IDENTIFICADOR DE NÚMERO DE CONTROL |
| campo de control |
ES-MaACL |
| 005 - FECHA Y HORA DE LA ÚLTIMA TRANSACCIÓN |
| campo de control |
20230906210422.0 |
| 008 - DATOS DE LONGITUD FIJA--INFORMACIÓN GENERAL |
| campo de control de longitud fija |
970116m17881792phl |||| | spa d |
| 040 ## - FUENTE DE CATALOGACIÓN |
| Centro catalogador/agencia de origen |
CAM |
| Lengua de catalogación |
spa |
| Centro/agencia transcriptor |
CAM |
| 100 0# - ENTRADA PRINCIPAL--NOMBRE DE PERSONA |
| Nombre de persona |
Juan de la Concepción |
| Títulos y otros términos asociados al nombre |
(O.A.R.) |
| 9 (RLIN) |
128386 |
| 245 10 - MENCIÓN DEL TÍTULO |
| Título |
Historia general de Philipinas |
| Resto del título |
: conquistas espirituales y temporales de estos españoles dominios, establecimientos progresos y decadencias ... / |
| Mención de responsabilidad, etc. |
por el P. Fr. Juan de la Concepción, Recoleto Agustino Descalzo ... ; [Tomos I- XIV]. |
| 260 ## - PUBLICACIÓN, DISTRIBUCIÓN, ETC. |
| Lugar de publicación, distribución, etc. |
En Man[ila] : |
| Nombre del editor, distribuidor, etc. |
en la Impr. del Seminar, Conciliar, y Real de S. Carlos, por Agustín de la Rosa y Balagtas, |
| Fecha de publicación, distribución, etc. |
1788-1792. |
| 300 ## - DESCRIPCIÓN FÍSICA |
| Extensión |
14 v. ([52], 434, [62] p., [3] en bl., [2] h. de lám pleg. ; [4], 502, [58] p., [2] h. de lám. pleg. ; [4], 439, [55] p., [1] h. de lám pleg. ; [4], 487, [63] p. ; [4], 478, [70] p. ; [4], 439, [73] p., [1] h. de lám pleg.; [4], 364, [50] p., [1] h. de lám pleg. ; [4], 391, [59] p. ; [4], 424, [64] p. [1] h. de lám pleg. ; [4], 410, [50] p. ; [4], 420, [48] p. ; [4], 419, [3], [36] p. ; [4], 464, [32] p. ; [4], 381, [31] p.) ; |
| Dimensiones |
20 cm. |
| 510 3# - NOTA DE CITAS O REFERENCIAS BIBLIOGRÁFICAS |
| Nombre de la fuente |
Aguilar Piñal. Bib. S.XVIII|cv. 4, n. 5786 |
| 596 ## - NOTA AL PIE DE IMPRENTA |
| NOTA AL PIE DE IMPRENTA |
A partir del v. VI está impreso en Sampaloc, en el Covento de Nuestra Señora de Loreto por Baltasar Mariano. |
| 597 ## - NOTA DE DESCRIPCIÓN FÍSICA |
| NOTA DE DESCRIPCIÓN FÍSICA |
Sign.: [ ]², ¶4, 2¶², *-10*², A-Z4, 2A-2Z4, 3A-3H4, 3I²?¹, 1-94 ; [ ]²?¹, a-z4, 2a-2z4, 3a-3r4, *-6*4, 7*6?¹ ; A-Z4, 2A-2Z4, 3A-3H4, 3I6?¹, ¶-7¶4 ; A-Z4, 2A-2Z4, 3A-3O4, 3P6?¹, s-7s4, 8s4?¹ ; [ ]²?¹, A-Z4, 2A-2Z4, 3A-3O4, [ ]²?¹, A-Z4, 2A-2Z4, 3A-3I4, [ ]²?¹, ¶-8¶4, 9¶² ; §-9§4 ; [ ]²?¹, A-Z4, 2A-2Z4, §-5§4, 6§6?¹ ; [ ]²?¹, A-Z4, 2A-2Z4, 3A-3C4, §-6§4, 7§6?¹ ; [ ]²?¹, A-Z4, 2A-2Z4, 3A-3G4, §-7§4, 8§6?¹ ; [ ]²?¹, A-Z4, 2A-2Z4, 3A-3F4, §-5§4, 6§4?¹ ; [ ]²?¹, A-Z4, 2A-2Z4, 3A-3G4, §-5§4, 6§4?¹ ; [ ]²?¹, A-Z4, 2A-2Z4, 3A-3F4, 3G6?¹, §-4§4, 5§²?¹ ; [ ]²?¹, A-Z4, 2A-2Z4, 3A-3N4, 2§-4§4, 5§² ; [ ]²?¹, A-Z4, 2A-2Z4, 3A-3B4, §-4§4. |
| 597 ## - NOTA DE DESCRIPCIÓN FÍSICA |
| NOTA DE DESCRIPCIÓN FÍSICA |
Port. con orla tip. |
| 599 ## - NOTA A LAS ILUSTRACIONES |
| NOTA A LAS ILUSTRACIONES |
Al comienzo del texto del vol. I, cartela calcográfica alegórica: "C Bagay" |
| 599 ## - NOTA A LAS ILUSTRACIONES |
| NOTA A LAS ILUSTRACIONES |
Las h. de láminas plegadas son mapas y planos calcográficos firmados por C. Bagay y Nicolás de la Cruz Bagay. |
| 651 #4 - PUNTO DE ACCESO ADICIONAL DE MATERIA--NOMBRE GEOGRÁFICO |
| Nombre geográfico |
Filipinas- |
| Subdivisión general |
Historia- |
| Subdivisión cronológica |
1521-1812. |
| 9 (RLIN) |
8659 |
| 651 #4 - PUNTO DE ACCESO ADICIONAL DE MATERIA--NOMBRE GEOGRÁFICO |
| Nombre geográfico |
Filipinas- |
| Subdivisión general |
Descubrimientos y exploraciones- |
| -- |
Españoles. |
| 9 (RLIN) |
150281 |
| 852 ## - LOCALIZACIÓN |
| Ubicación |
ES-MaACL |
| Número de control de estantería |
R-877-90 |
| Nota libre |
-- Enc. perg. |